Giáo trình phép tính vi phân và tích phân của hàm một biến số Giáo trình dùng cho các trường Cao đẳng Sư phạm

Trình bày những nội dung cơ bản của giải tích toán bao gồm: lý thuyết giới hạn, hàm số, đạo hàm, khảo sát hàm số, các phép tính vi phân và tích phân

Na minha lista:
Detalhes bibliográficos
Autor principal: Nguyễn Mạnh Qúy
Outros Autores: Nguyễn Xuân Liêm (Tác giả)
Formato: Livro
Idioma:Vietnamese
Publicado em: H. Đại học Sư phạm 2004
Assuntos:
Tags: Adicionar Tag
Sem tags, seja o primeiro a adicionar uma tag!
Thư viện lưu trữ: Mạng thư viện Đại học Đà Nẵng
LEADER 01560nam a2200385 4500
001 000007874
003 4044
005 20111019081013.0
008 111012s2004 viesd
041 0 |a vie 
082 |a 515.7  |b NG-Q 
100 0 |a Nguyễn Mạnh Qúy 
245 0 |a Giáo trình phép tính vi phân và tích phân của hàm một biến số  |b Giáo trình dùng cho các trường Cao đẳng Sư phạm  |c Nguyễn Mạnh Quý, Nguyễn Xuân Liêm 
260 |a H.  |b Đại học Sư phạm  |c 2004 
300 |a 571 tr 
500 |a ĐTTS ghi: Bộ Giáo dục và Đào tạo. Dự án Đào tạo Giáo viên THCS 
504 |a Thư mục: tr. 571 
520 |a Trình bày những nội dung cơ bản của giải tích toán bao gồm: lý thuyết giới hạn, hàm số, đạo hàm, khảo sát hàm số, các phép tính vi phân và tích phân 
653 |a Tích phân 
653 |a Đạo hàm 
653 |a Hàm số 
653 |a Giải tích toán học 
653 |a Giáo trình 
700 |a Nguyễn Xuân Liêm  |e Tác giả 
910 |a MPhuong  |d 19/10 
OWN |a LSP 
AVA |a UDN50  |b LSP  |d 515.7 NG-Q  |e available  |t Error 5001 Not defined in file expand_doc_bib_avail.  |f 2  |g 0  |h N  |i 0  |k 1 
999 |a From the UDN01 
AVA |a UDN50  |b LSP  |d 515.7 NG-Q  |e available  |t Error 5001 Not defined in file expand_doc_bib_avail.  |f 2  |g 0  |h N  |i 0  |k 1 
TYP |a Monograph 
TYP |a Printed language 
980 |a Mạng thư viện Đại học Đà Nẵng